京浜急行電鉄の駅 - Statistics

General Stats
  • This quiz has been taken 270 times
  • The average score is 50 of 77
Answer Stats
路線 駅番号 駅名 % Correct
本線 KK01 品川
98%
KK11 京急蒲田
96%
KK37 横浜
96%
空港線 KK11 京急蒲田
96%
KK20 京急川崎
95%
大師線 KK20 京急川崎
95%
A-07 泉岳寺
94%
KK02 北品川
92%
KK50 金沢八景
87%
逗子線 KK50 金沢八景
87%
KK44 上大岡
86%
KK49 金沢文庫
86%
KK72 三崎口
86%
KK04 青物横丁
85%
KK29 京急鶴見
85%
KK36 神奈川
85%
KK67 京急久里浜
84%
KK59 横須賀中央
83%
KK17 羽田空港第1・第2ターミナル
83%
KK64 浦賀
81%
KK53 逗子・葉山
81%
KK08 平和島
78%
KK03 新馬場
77%
KK05 鮫洲
77%
KK07 大森海岸
77%
KK19 六郷土手
77%
KK35 京急東神奈川
77%
KK71 三浦海岸
74%
KK34 神奈川新町
73%
KK68 YRP野比
73%
KK32 京急新子安
72%
KK15 天空橋
72%
KK23 川崎大師
72%
KK33 子安
68%
KK31 生麦
67%
KK18 雑色
66%
KK27 八丁畷
66%
KK61 堀ノ内
66%
久里浜線 KK61 堀ノ内
66%
KK16 羽田空港第3ターミナル
66%
KK06 立会川
65%
KK10 梅屋敷
65%
KK30 花月総持寺
65%
KK09 大森町
62%
KK54 追浜
62%
KK12 糀谷
60%
KK26 小島新田
60%
KK39 日ノ出町
59%
KK14 穴守稲荷
59%
KK28 鶴見市場
58%
KK40 黄金町
57%
KK13 大鳥居
56%
KK43 弘明寺
55%
KK38 戸部
54%
KK46 杉田
54%
KK55 京急田浦
53%
KK47 京急富岡
52%
KK25 大師橋
51%
KK48 能見台
48%
KK60 県立大学
46%
KK66 北久里浜
46%
KK41 南太田
45%
KK42 井土ヶ谷
45%
KK52 神武寺
43%
KK56 安針塚
42%
KK57 逸見
42%
KK58 汐入
42%
KK63 馬堀海岸
42%
KK22 鈴木町
39%
KK51 六浦
39%
KK65 新大津
39%
KK69 京急長沢
39%
KK62 京急大津
38%
KK21 港町
37%
KK70 津久井浜
36%
KK24 東門前
26%
KK45 屛風ヶ浦
25%
No matching quizzes found
Score Distribution
Percent of People with Each Score
Percentile by Number Answered
Your Score History
You have not taken this quiz